Top 20 najłatwiejszych języków do nauki dla Polaka - Statystyki

Ogólne statystyki
  • Ten quiz został rozwiązany 33 razy
  • Średni wynik to 15 z 20
Statystyki odpowiedzi
Odpowiedź % Poprawnych
Angielski
100%
Czeski
96%
Rosyjski
93%
Ukraiński
93%
Hiszpański
89%
Słowacki
89%
Portugalski
86%
Chorwacki
82%
Francuski
82%
Włoski
82%
Norweski
75%
Serbski
75%
Białoruski
71%
Bułgarski
71%
Szwedzki
71%
Niderlandzki
64%
Rumuński
64%
Bośniacki
39%
Turecki
39%
Esperanto
11%
Nie znaleziono quizów pasujących do podanych kryteriów
Rozkład punktacji
Procent ludzi z każdym wynikiem
Percentyl według liczby udzielonych odpowiedzi
Twoja historia wyników
Nie rozwiązałeś tego quizu